000 00233nam a2200109Ia 4500
008 190216s9999||||xx |||||||||||||| ||und||
100 _aNull
245 0 _aKnow You Can I
260 _bPenguin Books
650 _aEnglish
942 _cBK
999 _c12824
_d12824